Normal view
MARC view
- THIN FILM MATERIALS TECHNOLOGY
Entry Topical Term
001 - CONTROL NUMBER
- control field: 63481
003 - CONTROL NUMBER IDENTIFIER
- control field: NUST
005 - DATE AND TIME OF LATEST TRANSACTION
- control field: 20210628203127.0
008 - FIXED-LENGTH DATA ELEMENTS
- fixed length control field: 210628|| aca||aabn | a|a d
040 ## - CATALOGING SOURCE
- Original cataloging agency: NUST
- Transcribing agency: NUST
150 ## - HEADING--TOPICAL TERM
- Topical term or geographic name entry element: THIN FILM MATERIALS TECHNOLOGY
670 ## - SOURCE DATA FOUND
- Source citation: Work cat.: (NUST): Wasa, Kiyotaka , Kitabatake, Makoto , Adachi, Hideaki 63480, Thin film materials technology , sputtering of compound materials, 2004
